| 000 | 00804nam0a22002531 4500 | ||
|---|---|---|---|
| 001 | rc\50339 | ||
| 005 | 20250620161625.0 | ||
| 010 |
_a5-8352-0106-0 _9200000 |
||
| 035 | _a(NLR Aleph) 005329255 | ||
| 090 |
_a6573415 _c6573415 |
||
| 100 | _a20021216d1993 |||y0rusy50 ca | ||
| 101 | 0 | _arus | |
| 102 | _aRU | ||
| 105 | _aa ||||||||| | ||
| 200 | 1 |
_aЗельда Марш _e[Роман _eПер. с англ.] _fЧарльз Норрис _g[Худож. Е. Рипак] |
|
| 210 |
_aСПб. _cСеверо-Запад _d1993 |
||
| 215 |
_a381, [2] с. _cил. _d21 |
||
| 225 | 1 |
_aЖенская библиотека _iСерия "Романс" |
|
| 700 | 1 |
_aНоррис _bЧ. _f1881- _gЧарльз |
|
| 801 | 0 |
_aRU _bNLR _gpsbo |
|
| 801 | 1 |
_aRU _bELAR _2rusmarc |
|
| 852 |
_aNLR _j93-3/211 |
||
| 942 | _cBOOK | ||
| 980 | _aNB | ||